01671nam a2200337 a 4500001000200000003000900002005001700011008004100028040002500069041001300094082002900107100002400136245013000160260004300290300004300333490006000376500010800436500009000544500007300634534015300707590002600860600005900886651007700945651004801022700003101070710004201101910001501143942001201158952014601170999001701316 DO-SdBNP20210819093200.0081124s1976 dr abc 000 0 spa d aDO-SdBNPbspacBPMSU17aspa2fre a972.9304bG958d 19762221 aGuillermin, Gilbert10aDiario histórico :bguerra domínico-francesa de 1808 /cGilbert Guillermin ; traducido del francés Armando Rodríguez. aSanto Domingo :bSanto Domingo,c1976. a287 p. :bil., mapa., retrs. ;c23 cm.0 aSociedad Dominicana de Bibliofilos;aCultura dominicana aIncluye portada de la primera edición en francés publicada en: París: Chez Arthus Bertrand, 1811. aIncluye una hoja plegable, con el plano de la parte oriental de Santo Domingo de 1808 aIncluye referencias bibliográficas y notas al pie de las páginas aTítulo original :tPrecis historique: des derniers événemens de la partie de L'est de Saint-Dominguec París: Chez Arthus Bertrand, 1811.b  aInventariado, 2021/VM14aGuillermin, Gilbert xCorrespondencia, memorias, etc.  4aRepública DominicanaxHistoriayGobierno colonial francés 1795-1809  4aRepública DominicanaxHistoriay1809-18221 aRodríguez, Armando,etr.2 aSociedad Dominicana de Bibliófilos. aVMateo V.  2ddccBK 00102ddc40708CDaBPMETbBPMETd2021-08-19eLuciano Martínezl0oBPMSU CD 972.9304 G958d 1976pBPMSU21080065r2021-08-19w2021-08-19yBK c13667d13667